Yield maximization in Maize through agronomic manipulations (Record no. 74611)

MARC details
000 -LEADER
fixed length control field 00383nam a2200133Ia 4500
100 ## - MAIN ENTRY--AUTHOR NAME
Personal name Sherin George
245 #0 - TITLE STATEMENT
Title Yield maximization in Maize through agronomic manipulations
260 ## - PUBLICATION, DISTRIBUTION, ETC. (IMPRINT)
Name of publisher Tamil Nadu Agricultural University
Place of publication Madurai
Year of publication 1998
300 ## - PHYSICAL DESCRIPTION
Number of Pages 157
500 ## - GENERAL NOTE
General note Course: Ph. D
700 ## - ADDED ENTRY--PERSONAL NAME
Personal name Dr P Subramanian
942 ## - ADDED ENTRY ELEMENTS (KOHA)
Koha item type Theses
Holdings
Withdrawn status Lost status Damaged status Not for loan Collection code Home library Current library Shelving location Date acquired Koha item type
      Theses Thesis RRII Library RRII Library Maize 31/12/2021 Theses